000 00329nam a2200145Ia 4500
005 20251222152045.0
008 251222s9999||||xx |||||||||||||| ||spa||
020 _a8423976637
082 _a863.64/G86
100 _aGuerra Garrido, Raúl
245 0 _aTantos Inocentes
250 _a1ra.ed.
264 _bEspasa
942 _cLIB
999 _c26206
_d26206